000 00348nam a22001457a 4500
003 OSt
005 20220214161350.0
008 220214b |||||||| |||| 00| 0 eng d
020 _a812041683x
040 _cHU
082 _23rd
_a628
100 _aHusain
_930434
245 _aTextbook Of Water Supply & Sanitary Engineering
942 _2ddc
_cBOOKS
_n0
999 _c30256
_d30256